[Event "50th World Juniors"]
[Site "Chennai IND"]
[Date "2011.08.07"]
[Round "6"]
[White "Nabaty, Tamir"]
[Black "Getz, Nicolai"]
[Result "1/2-1/2"]
[WhiteTitle "GM"]
[BlackTitle "FM"]
[WhiteElo "2584"]
[BlackElo "2385"]
[WhiteFideId "2809052"]
[BlackFideId "1505572"]
[EventDate "2011.08.02"]

1. e4 e6 2. d4 d5 3. Nc3 Nf6 4. e5 Nfd7 5. f4 c5 6. Nf3 Nc6 7. Be3 Be7 8. Qd2
O-O 9. Be2 b6 10. Nd1 cxd4 11. Nxd4 Nxd4 12. Bxd4 Nb8 13. Ne3 Nc6 14. c3 Nxd4
15. cxd4 f6 16. O-O fxe5 17. dxe5 a5 18. Nc2 Bc5+ 19. Kh1 Qe7 20. a3 a4 21. Ne1
Bd7 22. Nf3 Be8 23. Bd3 Rd8 24. Rae1 b5 25. Rc1 Rc8 26. Bb1 g6 27. Ng5 Bd7 28.
Rf3 Bb6 29. Rcf1 Rc4 30. Bd3 Rd4 31. Qe2 Qc5 32. Nxh7 Rxd3 33. Nxf8 Rxf3 34.
Nxd7 Rxf1+ 35. Qxf1 Qc6 36. Nf6+ Kg7 37. h3 Be3 38. Ng4 Bd2 39. Qf2 Qc1+ 40. Kh2
Bxf4+ 41. g3 Bg5 42. h4 Be7 43. Qa7 Kf7 44. Qf2+ Kg7 45. Kg2 Qc4 46. Kh3 Qe4 47.
Qf1 Qc4 48. Qf2 Qe4 49. Qa7 Qh1+ 50. Nh2 Kf7 51. Qf2+ Kg7 52. Qb6 Qe4 53. Qxe6
Qf5+ 54. Qxf5 gxf5 55. Nf3 Bc5 56. Kg2 Be3 57. Ne1 Bd4 58. Nd3 b4 59. Nxb4 Bxb2
60. Nxd5 Bxe5 61. Ne3 Bb2 62. Nc4 Bc1 63. Kf3 Kg6 64. Ke2 Kh5 65. Kf3 Kg6 66.
Nb6 Bxa3 67. Nxa4 Be7 68. Nc3 Kh5 69. Nd5 Bxh4 70. Nf4+ Kg5 71. Nh3+ Kh5 72.
Nf4+ 1/2-1/2

[Event "50th World Juniors"]
[Site "Chennai IND"]
[Date "2011.08.07"]
[Round "6"]
[White "Ter-Sahakyan, Samvel"]
[Black "Goganov, Aleksey"]
[Result "1-0"]
[WhiteTitle "GM"]
[BlackTitle "IM"]
[WhiteElo "2558"]
[BlackElo "2489"]
[WhiteFideId "13302531"]
[BlackFideId "24109959"]
[EventDate "2011.08.02"]

1. e4 e6 2. d4 d5 3. Nc3 Bb4 4. e5 c5 5. a3 Bxc3+ 6. bxc3 Ne7 7. Qg4 O-O 8. Bd3
Nbc6 9. Qh5 Ng6 10. Nf3 Nce7 11. h4 Qa5 12. Bd2 c4 13. Be2 f6 14. Qg4 fxe5 15.
h5 Nf4 16. Nxe5 Nc6 17. Bf3 Nxe5 18. dxe5 Rf5 19. Kf1 d4 20. Bxf4 Qxc3 21. Rc1
d3 22. cxd3 Qxd3+ 23. Kg1 Qd4 24. Be3 Qxe5 25. Be4 Rf7 26. h6 1-0

[Event "50th World Juniors"]
[Site "Chennai IND"]
[Date "2011.08.07"]
[Round "6"]
[White "Pap, Gyula"]
[Black "Ly, Moulthun"]
[Result "1-0"]
[WhiteTitle "GM"]
[BlackTitle "FM"]
[WhiteElo "2513"]
[BlackElo "2369"]
[WhiteFideId "725323"]
[BlackFideId "3204405"]
[EventDate "2011.08.02"]

1. d4 Nf6 2. c4 g6 3. g3 Bg7 4. Bg2 O-O 5. Nf3 d6 6. O-O Nc6 7. h3 e5 8. Nc3 Nd7
9. Bg5 f6 10. Be3 Kh8 11. Qd2 exd4 12. Nxd4 Nde5 13. Nxc6 Nxc6 14. Rfd1 Qe7 15.
Nd5 Qf7 16. Rac1 Be6 17. Qc2 Ne5 18. Nf4 Bf5 19. Qa4 g5 20. Nd3 c6 21. Nxe5 dxe5
22. b4 a6 23. Rd6 Be6 24. Qc2 Rfe8 25. Rd2 Bf8 26. c5 a5 27. a3 axb4 28. axb4
Ra3 29. Qe4 Rb3 30. Rcd1 Be7 31. Rd3 Bd5 32. Rxd5 cxd5 33. Rxd5 Bf8 34. Qc4 Rb1+
35. Kh2 b6 36. Be4 Rd1 37. c6 Rxd5 38. Bxd5 Qc7 39. b5 Bd6 40. h4 h6 41. Qg4 Rb8
42. Qe6 Qe7 43. c7 1-0

[Event "50th World Juniors"]
[Site "Chennai IND"]
[Date "2011.08.07"]
[Round "6"]
[White "Urkedal, Frode"]
[Black "Shreyansh, Daklia"]
[Result "1-0"]
[WhiteTitle "IM"]
[WhiteElo "2448"]
[BlackElo "2298"]
[WhiteFideId "1506102"]
[BlackFideId "5029139"]
[EventDate "2011.08.02"]

1. d4 d5 2. c4 e6 3. Nc3 Be7 4. cxd5 exd5 5. Bf4 Nf6 6. e3 O-O 7. Bd3 h6 8. Nf3
c5 9. O-O Be6 10. h3 Nbd7 11. dxc5 Nxc5 12. Be2 Rc8 13. Nd4 Qb6 14. Nxe6 fxe6
15. Qd4 Rfd8 16. Rac1 a6 17. Rc2 Ncd7 18. Qd3 Nf8 19. Rfc1 Rc6 20. Na4 Rxc2 21.
Qxc2 Qa7 22. Qb3 Bd6 23. Bxd6 Rxd6 24. Rc7 Rd7 25. Rc8 Ne4 26. Bg4 Kf7 27. Nb6
Rd6 28. Rc7+ Kg8 29. Nc8 Qb8 30. Ne7+ Kf7 31. Rxb7 Nc5 32. Nc8+ 1-0

[Event "50th World Juniors"]
[Site "Chennai IND"]
[Date "2011.08.07"]
[Round "6"]
[White "Anwesh, Upadhyaya"]
[Black "Benitez Lozano, Javier"]
[Result "1-0"]
[WhiteTitle "IM"]
[WhiteElo "2429"]
[BlackElo "1994"]
[WhiteFideId "5028949"]
[BlackFideId "5102472"]
[EventDate "2011.08.02"]

1. c4 e5 2. g3 Nf6 3. Bg2 d5 4. cxd5 Nxd5 5. Nc3 Nb6 6. Nf3 Nc6 7. O-O Be7 8. a3
a5 9. d3 Be6 10. Be3 Nd5 11. Nxd5 Bxd5 12. Qa4 O-O 13. Rac1 Qd6 14. Qb5 b6 15.
Nd2 Bxg2 16. Kxg2 Na7 17. Qb3 Qd7 18. Kg1 a4 19. Qc3 Bd6 20. Ne4 c5 21. Qc4 Bc7
22. Nc3 Nc8 23. f4 Ne7 24. Rf3 Nf5 25. Bf2 exf4 26. gxf4 Rfd8 27. Kh1 Qc6 28. e4
Nd4 29. Nd5 b5 30. Qxd4 1-0

[Event "50th World Juniors"]
[Site "Chennai IND"]
[Date "2011.08.07"]
[Round "6"]
[White "Gireman, Ja"]
[Black "Debashis, Das"]
[Result "1-0"]
[BlackTitle "IM"]
[WhiteElo "2084"]
[BlackElo "2396"]
[WhiteFideId "5043794"]
[BlackFideId "5024854"]
[EventDate "2011.08.02"]

1. e4 c5 2. Nf3 e6 3. d4 cxd4 4. Nxd4 a6 5. c4 Nf6 6. Nc3 Qc7 7. Bd3 Bc5 8. Be3
d6 9. O-O Bd7 10. Kh1 h5 11. Be2 Nc6 12. f4 Rd8 13. f5 h4 14. fxe6 fxe6 15. Nxc6
Bxc6 16. Bg5 h3 17. Nd5 hxg2+ 18. Kxg2 exd5 19. exd5 Qf7 20. dxc6 Qg6 21. Qd2
O-O 22. cxb7 Rde8 23. h4 Kh8 24. Bd3 Qh5 25. Qd1 Qf7 26. Rxf6 Qxb7+ 27. Qf3 1-0

[Event "50th World Juniors"]
[Site "Chennai IND"]
[Date "2011.08.07"]
[Round "6"]
[White "Cori, Jorge"]
[Black "Sapozhnikov, Roman"]
[Result "1-0"]
[WhiteTitle "GM"]
[BlackTitle "FM"]
[WhiteElo "2514"]
[BlackElo "2295"]
[WhiteFideId "3802272"]
[BlackFideId "2601842"]
[EventDate "2011.08.02"]

1. d4 Nf6 2. Nf3 c5 3. d5 b5 4. a4 b4 5. Bg5 Bb7 6. Bxf6 gxf6 7. e4 d6 8. Nbd2
Nd7 9. Nc4 Qc7 10. a5 Ba6 11. Ne3 Bxf1 12. Kxf1 e6 13. Qd3 Ne5 14. Nxe5 fxe5 15.
Nc4 Be7 16. Rd1 O-O 17. g3 Qb7 18. Kg2 Rad8 19. Rhe1 Qc8 20. Rf1 f5 21. f3 f4
22. dxe6 Qxe6 23. Qd5 Rf6 24. a6 Kf7 25. Rd3 Qxd5 26. Rxd5 Rg8 27. Rfd1 Rgg6 28.
g4 h5 29. h3 hxg4 30. hxg4 Rh6 31. c3 bxc3 32. bxc3 Kg8 33. R5d2 Bf8 34. Rb2 Rh4
35. Rh1 Rxh1 36. Kxh1 d5 37. exd5 Rxa6 38. Kg2 Ra4 39. Nd2 Ra1 40. Ne4 Kf7 41.
Rb7+ Kg6 42. Rb8 Kf7 43. d6 Rd1 44. Rb7+ Ke6 45. Nxc5+ Kd5 46. Ne4 Bxd6 47. Rxa7
Kc6 48. Ra6+ 1-0

[Event "50th World Juniors"]
[Site "Chennai IND"]
[Date "2011.08.07"]
[Round "6"]
[White "Salem, A.R. Saleh"]
[Black "Ashwath, R."]
[Result "1-0"]
[WhiteTitle "GM"]
[WhiteElo "2493"]
[BlackElo "2259"]
[WhiteFideId "9301348"]
[BlackFideId "5021049"]
[EventDate "2011.08.02"]

1. d4 Nf6 2. c4 e6 3. Nc3 Bb4 4. e3 c5 5. Bd3 O-O 6. Nf3 d5 7. O-O Nc6 8. a3
Bxc3 9. bxc3 dxc4 10. Bxc4 Qc7 11. Bb2 e5 12. h3 Bf5 13. Qe2 Rad8 14. Bb5 e4 15.
Nd2 a6 16. Bxc6 Qxc6 17. c4 cxd4 18. exd4 b5 19. d5 Qd6 20. Rfd1 Rfe8 21. Nf1
bxc4 22. Ne3 Bg6 23. Qxc4 Re7 24. Rac1 Ne8 25. Qa4 Qb6 26. Bd4 Qb5 27. Qxb5 axb5
28. Rb1 Nd6 29. Bc5 Rb7 30. a4 f6 31. Bxd6 Rxd6 32. Rxb5 Rxb5 33. axb5 Be8 34.
Nc4 Rd8 35. b6 Bb5 36. Na5 Bd3 1-0

[Event "50th World Juniors"]
[Site "Chennai IND"]
[Date "2011.08.07"]
[Round "6"]
[White "Narayanan, S.L"]
[Black "Petrisor, Adrian-Marian"]
[Result "1-0"]
[BlackTitle "FM"]
[WhiteElo "2233"]
[BlackElo "2408"]
[WhiteFideId "5058422"]
[BlackFideId "1213741"]
[EventDate "2011.08.02"]

1. e4 c5 2. Nf3 d6 3. d4 cxd4 4. Nxd4 Nf6 5. Nc3 a6 6. Be3 e5 7. Nf3 Be7 8. Bc4
O-O 9. O-O Be6 10. Bb3 b5 11. Qe2 h6 12. Rfd1 Qc7 13. Rac1 Nbd7 14. a3 Nb6 15.
Bxb6 Qxb6 16. Nd5 Bxd5 17. Bxd5 Rac8 18. Bb3 Nd7 19. g3 Kh8 20. Kg2 Nc5 21. Bd5
Na4 22. c3 g6 23. h4 Kg7 24. h5 a5 25. Qd2 Nc5 26. Rh1 g5 27. Nh2 f5 28. exf5
Rxf5 29. Ng4 Rcf8 30. b4 Nd7 31. Rhf1 Qb8 32. Be4 R5f7 33. Bd5 Rf5 34. Be6 Qb7+
35. Kg1 Nb6 36. Bxf5 Rxf5 37. Ne3 Rf6 38. bxa5 Nc4 39. Nxc4 bxc4 40. Rb1 Qf3 41.
a6 d5 42. Rb7 Rf7 43. Qe3 1-0

[Event "50th World Juniors"]
[Site "Chennai IND"]
[Date "2011.08.07"]
[Round "6"]
[White "Petenyi, Tamas"]
[Black "Surendran, N."]
[Result "1-0"]
[WhiteTitle "FM"]
[WhiteElo "2398"]
[BlackElo "2187"]
[WhiteFideId "14909090"]
[BlackFideId "5021243"]
[EventDate "2011.08.02"]

1. e4 c5 2. Nf3 d6 3. d4 cxd4 4. Nxd4 Nf6 5. Nc3 a6 6. Be3 e5 7. Nb3 Be6 8. f3
Be7 9. Qd2 O-O 10. O-O-O Nbd7 11. g4 b5 12. g5 b4 13. Ne2 Ne8 14. f4 a5 15. f5
a4 16. fxe6 axb3 17. exf7+ Rxf7 18. Kb1 Rxa2 19. Nc1 Qa8 20. Nxb3 Kh8 21. Bb5
Bxg5 22. Bxg5 Nc5 23. Qd5 Rb7 24. Bxe8 Nxb3 25. cxb3 Ra1+ 26. Kc2 Rc7+ 27. Kd3
Rxd1+ 28. Rxd1 Qxe8 29. Rc1 Rxc1 30. Bxc1 h6 31. Qxd6 Qh5 32. Qf8+ 1-0

[Event "50th World Juniors"]
[Site "Chennai IND"]
[Date "2011.08.07"]
[Round "6"]
[White "Dusthageer, Ibrahim M."]
[Black "Priyadharshan, K."]
[Result "0-1"]
[BlackTitle "IM"]
[WhiteElo "2212"]
[BlackElo "2376"]
[WhiteFideId "5028515"]
[BlackFideId "5018293"]
[EventDate "2011.08.02"]

1. e4 c5 2. Nf3 Nc6 3. d4 cxd4 4. Nxd4 Qb6 5. Nb3 Nf6 6. Nc3 e6 7. Be3 Qc7 8. a3
a6 9. Bd3 Ne5 10. h3 b5 11. O-O Nc4 12. Bxc4 bxc4 13. Nd2 Bb7 14. e5 Nd5 15. Bd4
Nxc3 16. Bxc3 Bd5 17. Qg4 Qc6 18. f3 h5 19. Qf4 d6 20. Ne4 dxe5 21. Bxe5 Rh6 22.
Rad1 f6 23. Bc3 Kf7 24. Kh1 Kg8 25. Rd2 Be7 26. Rfd1 Bd8 27. Qd6 Qxd6 28. Nxd6
Bb6 29. Nf5 exf5 30. Rxd5 f4 31. Bd4 Rb8 32. Bxb6 Rxb6 33. R1d4 Rxb2 34. Rxc4
Kf7 35. Kh2 Rh8 36. Ra5 Rd8 37. Rxh5 g5 38. Rh7+ Kg6 39. Ra7 Rd1 40. Rcc7 Rbb1
41. Rg7+ Kf5 42. g4+ fxg3+ 43. Kxg3 Rd2 44. f4 Rxc2 45. Rab7 gxf4+ 46. Kh4 Rxb7
47. Rxb7 Rc8 48. Rh7 Rg8 49. Rh5+ Ke4 50. Ra5 Kf3 51. Rh5 Kg2 52. Ra5 f3 53.
Rxa6 f2 54. Rxf6 f1=Q 55. Rxf1 Kxf1 56. Kh5 Kg2 57. h4 Kg3 58. a4 Rh8+ 59. Kg5 0-1

[Event "50th World Juniors"]
[Site "Chennai IND"]
[Date "2011.08.07"]
[Round "6"]
[White "Abhishek, Kelkar"]
[Black "Krysa, Leandro"]
[Result "0-1"]
[BlackTitle "FM"]
[WhiteElo "2197"]
[BlackElo "2374"]
[WhiteFideId "5019257"]
[BlackFideId "116807"]
[EventDate "2011.08.02"]

1. d4 Nf6 2. Nf3 d5 3. c4 e6 4. Nc3 dxc4 5. e3 a6 6. a4 c5 7. Bxc4 Nc6 8. O-O
Be7 9. Re1 O-O 10. h3 Qc7 11. Qe2 Rd8 12. dxc5 Bxc5 13. e4 Ne5 14. Nxe5 Qxe5 15.
Be3 Bxe3 16. Qxe3 Bd7 17. f4 Qc7 18. e5 Qxc4 19. exf6 Bc6 20. fxg7 Qd4 21. Kf2
Qxe3+ 22. Rxe3 Rd2+ 23. Re2 Rxe2+ 24. Kxe2 Bxg2 25. Rg1 Bc6 26. b4 b5 27. a5 Rc8
28. Nd1 Be4 29. Ne3 Rc3 30. h4 h5 31. Rg5 Bg6 32. Rc5 Rb3 33. Rc6 Rxb4 34. Rxa6
Rxf4 35. Rb6 Rxh4 36. Rxb5 Ra4 37. Nd1 Kxg7 38. Nb2 Ra3 39. Kf2 h4 40. Rc5 Ra2
41. Rb5 Ra3 42. Rc5 h3 0-1

[Event "50th World Juniors"]
[Site "Chennai IND"]
[Date "2011.08.07"]
[Round "6"]
[White "Prince, Bajaj"]
[Black "Firat, Burak"]
[Result "0-1"]
[WhiteTitle "CM"]
[BlackTitle "IM"]
[WhiteElo "2146"]
[BlackElo "2373"]
[WhiteFideId "5045150"]
[BlackFideId "6305881"]
[EventDate "2011.08.02"]

1. e4 c5 2. Nf3 e6 3. d4 cxd4 4. Nxd4 a6 5. Bd3 Ne7 6. O-O Nbc6 7. Nb3 Ng6 8.
Nc3 Be7 9. f4 O-O 10. Bd2 Nb4 11. Qh5 Nxd3 12. cxd3 d6 13. Rf3 Re8 14. Raf1 Nf8
15. f5 Bd7 16. fxe6 fxe6 17. Qf7+ Kh8 18. Rg3 Bf6 19. Ne2 Re7 20. Qh5 Qe8 21.
Qf3 Rf7 22. Kh1 e5 23. Nc3 Be6 24. Qe2 Ng6 25. h3 a5 26. Nd5 Bxd5 27. exd5 Qb5
28. Qe4 a4 29. Nc1 Qxb2 30. Qb4 Qxb4 31. Bxb4 Rd7 32. Ne2 Re8 33. Nc3 Nf4 34.
Ne4 Be7 35. Nc3 Rc8 0-1

[Event "50th World Juniors"]
[Site "Chennai IND"]
[Date "2011.08.07"]
[Round "6"]
[White "Praneeth, Surya"]
[Black "Valsecchi, Alessio"]
[Result "1/2-1/2"]
[BlackTitle "FM"]
[WhiteElo "2036"]
[BlackElo "2354"]
[WhiteFideId "5091411"]
[BlackFideId "818860"]
[EventDate "2011.08.02"]

1. e4 e5 2. f4 exf4 3. Nf3 d6 4. d4 g5 5. h4 g4 6. Ng1 f5 7. Nc3 Nf6 8. Bxf4
Nxe4 9. Nxe4 fxe4 10. Ne2 Bg7 11. Qd2 Nc6 12. O-O-O Qf6 13. c3 d5 14. Ng3 O-O
15. Be3 Qf7 16. h5 Ne7 17. Be2 Nf5 18. Nxf5 Bxf5 19. h6 Bf6 20. Rdf1 Qg6 21. Rh2
Be7 22. Bf4 e3 23. Bxe3 Bb1 24. Rhh1 Be4 25. Bd1 Qa6 26. Qe2 Qxe2 27. Bxe2 Bxg2
28. Rxf8+ Rxf8 29. Rg1 Bf3 30. Bxf3 Rxf3 31. Rxg4+ Kf7 32. Rg7+ Ke6 33. Bg5
Bxg5+ 34. Rxg5 c6 35. Rg8 Rf6 36. Rg7 Rf7 37. Rg8 a5 38. a4 Rf6 39. Rg7 Rf7 40.
Rg8 Rf6 41. Rg7 Rxh6 42. Rxb7 Kf5 43. Kc2 Rh2+ 44. Kb3 h5 45. Ra7 h4 46. Rxa5 h3
47. Ra8 Rh1 48. Rh8 Kg4 49. Ka2 Re1 50. a5 Kg3 51. a6 1/2-1/2

[Event "50th World Juniors"]
[Site "Chennai IND"]
[Date "2011.08.07"]
[Round "6"]
[White "Soors, Stef"]
[Black "Lokesh, N."]
[Result "1/2-1/2"]
[WhiteTitle "FM"]
[WhiteElo "2353"]
[BlackElo "2090"]
[WhiteFideId "209511"]
[BlackFideId "5025044"]
[EventDate "2011.08.02"]

1. e4 e5 2. Nf3 Nf6 3. Nc3 Nc6 4. Bb5 Bb4 5. O-O O-O 6. d3 d6 7. Bg5 Bxc3 8.
bxc3 Qe7 9. Re1 Nd8 10. d4 Ne6 11. Bd2 c6 12. Bd3 Qc7 13. Nh4 g6 14. Kh1 exd4
15. f4 c5 16. Qf3 b6 17. f5 Ng7 18. cxd4 cxd4 19. Qh3 d5 20. exd5 Nxd5 21. Be4
Qd6 22. Qd3 Qc5 23. Rab1 Bd7 24. Bh6 Rae8 25. fxg6 fxg6 26. Nf3 Nf6 27. h3 Nxe4
28. Rxe4 Rxe4 29. Qxe4 Bc6 30. Qxd4 Qxd4 31. Nxd4 Bd5 32. Kg1 Rd8 33. Re1 Bxa2
34. Re7 Bf7 35. Bxg7 Kxg7 36. Ne6+ Kf6 37. Rxf7+ Kxe6 38. Rxa7 h5 39. Rg7 Kf5
40. Rf7+ Kg5 41. Rc7 Rd2 42. Rc6 h4 43. Rxb6 Rxc2 44. Rb5+ Kh6 45. Re5 Ra2 46.
Kf1 Rb2 47. Re8 Ra2 48. Re4 Kg5 49. Rg4+ Kh5 50. Rb4 Rc2 51. Rb5+ Kh6 52. Re5
Ra2 1/2-1/2

[Event "50th World Juniors"]
[Site "Chennai IND"]
[Date "2011.08.07"]
[Round "6"]
[White "Yohan, J."]
[Black "Krishna, C.R.G."]
[Result "1/2-1/2"]
[WhiteElo "2017"]
[BlackElo "2330"]
[WhiteFideId "5058589"]
[BlackFideId "5018625"]
[EventDate "2011.08.02"]

1. d4 f5 2. Nf3 Nf6 3. c4 g6 4. g3 Bg7 5. Bg2 O-O 6. b4 Ne4 7. Bb2 c5 8. bxc5
Nxc5 9. Nc3 Nca6 10. O-O Nc6 11. Re1 b6 12. e4 fxe4 13. Nxe4 Bb7 14. Rb1 Na5 15.
d5 Bxb2 16. Rxb2 Nxc4 17. Rbe2 Nc7 18. Neg5 e6 19. dxe6 dxe6 20. Qc1 Bd5 21. Re4
Bxe4 22. Rxe4 b5 23. Nxh7 Rf7 24. Rd4 Nd5 25. Nfg5 Qb6 26. Rxd5 Qxf2+ 27. Kh1
exd5 28. Bxd5 Ne5 29. Nxf7 Nxf7 30. Ng5 Rf8 31. Nxf7 Rxf7 32. Bxf7+ Qxf7 33.
Qc8+ Kg7 34. Qc3+ Kh7 35. Qa1 Qf2 36. a3 a6 37. Qd1 Qf5 38. Qc1 Qf2 39. Qd1 Qf8
40. Qd7+ Kg8 41. Qd5+ Qf7 42. Qd8+ Kg7 43. Qd4+ Qf6 44. Qd7+ Kh6 45. Qd2+ Kg7 1/2-1/2

[Event "50th World Juniors"]
[Site "Chennai IND"]
[Date "2011.08.07"]
[Round "6"]
[White "Navalgund, Niranjan"]
[Black "Sochacki, Wojtek"]
[Result "1-0"]
[BlackTitle "FM"]
[WhiteElo "2188"]
[BlackElo "2316"]
[WhiteFideId "5030854"]
[BlackFideId "651389"]
[EventDate "2011.08.02"]

1. d4 d5 2. Nf3 Nf6 3. c4 e6 4. g3 dxc4 5. Bg2 Nc6 6. Qa4 Bb4+ 7. Bd2 Bd6 8. O-O
O-O 9. Qxc4 e5 10. d5 Ne7 11. e4 a6 12. a4 h6 13. Bc3 Ng6 14. Nbd2 Bd7 15. Qb3
b5 16. axb5 axb5 17. Ba5 Qe7 18. Rfe1 Ra7 19. Qc2 Rfa8 20. Nb3 Rc8 21. Rec1 Rca8
22. Ne1 Be8 23. Nd3 Nd7 24. Qc3 Nb8 25. Bb4 Rxa1 26. Nxa1 Ra4 27. Nc2 Na6 28.
Bxd6 cxd6 29. b3 Ra2 30. Ncb4 Nxb4 31. Nxb4 Ra8 32. Nc6 Qg5 33. Bf1 f5 34. exf5
Qxf5 35. Bxb5 Ra2 36. Qe3 Bf7 37. Bc4 Qg4 38. b4 Ra1 39. Rxa1 Qxc4 40. Rc1 Qxd5
41. Nd8 Be8 42. Qe2 Bb5 43. Rd1 Qb3 44. Qd2 Ba4 45. Qd5+ 1-0

[Event "50th World Juniors"]
[Site "Chennai IND"]
[Date "2011.08.07"]
[Round "6"]
[White "Yashas, D."]
[Black "Kunal, M."]
[Result "0-1"]
[WhiteElo "2184"]
[BlackElo "2298"]
[WhiteFideId "5030196"]
[BlackFideId "5018250"]
[EventDate "2011.08.02"]

1. e4 c6 2. d4 d5 3. e5 Bf5 4. Nf3 e6 5. Be2 Nd7 6. O-O Ne7 7. b3 c5 8. c4 dxc4
9. Bxc4 cxd4 10. Qxd4 Nc6 11. Qf4 h6 12. Bb2 g5 13. Qg3 Nc5 14. Nc3 a6 15. Rad1
Qc7 16. Nd4 Nxd4 17. Rxd4 Bg7 18. Re1 Nd7 19. Nb5 axb5 20. Bxb5 O-O 21. Bxd7
Rxa2 22. Qc3 Bxe5 23. Qxc7 Bxc7 24. Bc3 Bb6 25. Bb5 Bxd4 26. Bxd4 Bd3 27. Bxd3
Rd2 28. Bc5 Rc8 29. b4 Rxd3 30. h4 g4 31. Ra1 g3 32. fxg3 Rxg3 33. Ra7 Rb3 34.
Bd6 Rd3 35. Be5 Rd5 36. Bf6 Rb5 37. Be7 Kh7 38. g4 h5 39. gxh5 Kh6 40. Kg2 Kxh5
41. Kg3 e5 42. Bc5 f5 43. Kh3 f4 44. Kg2 e4 45. Kf2 Rcxc5 46. bxc5 0-1

[Event "50th World Juniors"]
[Site "Chennai IND"]
[Date "2011.08.07"]
[Round "6"]
[White "Soares, Erikson Roberto Mauricio"]
[Black "Aaron, Deepak"]
[Result "0-1"]
[WhiteElo "2181"]
[BlackElo "2288"]
[WhiteFideId "10100091"]
[BlackFideId "2009412"]
[EventDate "2011.08.02"]

1. d4 d5 2. Nf3 Nf6 3. g3 c6 4. Bg2 Bf5 5. c4 e6 6. Nc3 Bb4 7. Qb3 a5 8. c5 Nbd7
9. O-O b6 10. cxb6 c5 11. Nh4 c4 12. Qa4 Bxc3 13. bxc3 Qxb6 14. Nxf5 exf5 15.
Ba3 Rb8 16. Qc2 g6 17. Rab1 Qc6 18. Rxb8+ Nxb8 19. Rb1 Na6 20. Bc5 Nd7 21. Qb2
Naxc5 22. dxc5 O-O 23. Qb5 Qc7 24. Qb7 Qxb7 25. Rxb7 Nxc5 26. Rc7 Ne6 27. Rc6
Rd8 28. e3 a4 29. Ra6 Nc5 30. Ra5 Nd3 31. Bxd5 Nb2 32. Rb5 Nd1 33. Bxc4 Nxc3 34.
Rb7 Kg7 35. Rxf7+ Kh6 36. Rc7 Ne4 37. f3 Rd1+ 38. Kg2 Rd2+ 39. Kg1 Ng5 40. f4
Nf3+ 41. Kf1 Nxh2+ 42. Kg1 Nf3+ 43. Kf1 Rc2 44. Rc6 Nd2+ 45. Ke2 0-1

[Event "50th World Juniors"]
[Site "Chennai IND"]
[Date "2011.08.07"]
[Round "6"]
[White "Tomazini, Zan"]
[Black "Vasli, Aref"]
[Result "1/2-1/2"]
[WhiteElo "2288"]
[BlackElo "2181"]
[WhiteFideId "14608162"]
[BlackFideId "417521"]
[EventDate "2011.08.02"]

1. e4 e5 2. Nf3 Nc6 3. d4 exd4 4. Nxd4 Bc5 5. Nb3 Bb6 6. Qe2 Qf6 7. Nc3 Nge7 8.
Be3 O-O 9. O-O-O d6 10. h4 Be6 11. Nd5 Bxe3+ 12. Qxe3 Bxd5 13. exd5 Nb4 14. Qe4
a5 15. a3 Na6 16. Bd3 Ng6 17. g3 Rfe8 18. Qf5 Qxf5 19. Bxf5 Re5 20. Bxg6 hxg6
21. Nxa5 Nc5 22. Nc4 Re2 23. Rde1 Rxf2 24. Re7 b5 25. Nd2 Rc8 26. b4 Na4 27. Ne4
Rf5 28. Ng5 Nb6 29. Rhe1 Kf8 30. Nh7+ Kg8 31. Ng5 Kf8 32. Nh7+ Kg8 33. Ng5 1/2-1/2

[Event "50th World Juniors"]
[Site "Chennai IND"]
[Date "2011.08.07"]
[Round "6"]
[White "Botta, Gabriele"]
[Black "Karma, Pandya"]
[Result "1/2-1/2"]
[WhiteTitle "FM"]
[WhiteElo "2261"]
[BlackElo "2136"]
[WhiteFideId "1312120"]
[BlackFideId "5030331"]
[EventDate "2011.08.02"]

1. e4 e6 2. d4 d5 3. Nd2 c5 4. exd5 Qxd5 5. Ngf3 cxd4 6. Bc4 Qd6 7. O-O Nf6 8.
Nb3 Nc6 9. Nbxd4 Nxd4 10. Nxd4 a6 11. c3 Qc7 12. Bb3 Bd6 13. h3 h5 14. Re1 Bh2+
15. Kh1 Bd7 16. g3 Bxg3 17. fxg3 Qxg3 18. Re3 Qc7 19. Qe2 O-O-O 20. Qc4 Nd5 21.
Qxc7+ Nxc7 22. Bd2 f6 23. Be1 e5 24. Nf3 g5 25. Kh2 Bc6 26. Nd2 e4 27. Nc4 b5
28. Na5 Ba8 29. c4 b4 30. Bxb4 f5 31. Bc2 Ne6 32. Nb3 g4 33. Bc3 Rhg8 34. Rf1
Ng5 35. Rxf5 Nf3+ 36. Kg3 h4+ 37. Kf2 g3+ 38. Kg2 Rdf8 39. Bxe4 Ne1+ 40. Bxe1
Bxe4+ 41. Rxe4 Rxf5 42. Rxh4 Re5 43. Bxg3 Re2+ 44. Kf3 Rxb2 45. Rh7 Rxa2 46.
Rc7+ Kd8 47. Rb7 Rg6 48. Be5 Re6 49. Bf4 Rf6 50. Ke3 Rc6 51. Kd4 a5 52. Nc5 Rf2
53. Nd3 Rf3 54. h4 Rh3 55. Rb8+ Rc8 56. Bg5+ Kc7 57. Rb5 Ra8 58. Nf4 Rh1 59.
Nd5+ Kc6 60. Rb6+ Kd7 61. Rb7+ Kc6 62. Rc7+ Kd6 63. c5+ Ke6 64. Re7+ Kf5 65.
Rf7+ Kg4 66. Ne3+ Kg3 67. Nc4 a4 68. Re7 Rd1+ 69. Ke4 a3 70. Nxa3 Rxa3 71. c6
Rc3 72. Rc7 Rc5 73. Rc8 Kg4 74. c7 Rd7 75. Bd8 Kh5 76. Ke3 Kg4 77. Ke4 Kh5 78.
Kf3 Rc4 79. Ra8 Rcxc7 80. Ra5+ Kh6 1/2-1/2

[Event "50th World Juniors"]
[Site "Chennai IND"]
[Date "2011.08.07"]
[Round "6"]
[White "Hemant, Sharma"]
[Black "Jefic, Srdjan"]
[Result "1/2-1/2"]
[WhiteElo "2247"]
[BlackElo "2143"]
[WhiteFideId "5025842"]
[BlackFideId "14403080"]
[EventDate "2011.08.02"]

1. Nf3 d5 2. b3 Nf6 3. Bb2 Bf5 4. g3 Nbd7 5. Bg2 c6 6. c4 e6 7. O-O Be7 8. d3
O-O 9. Nbd2 Re8 10. Qc2 Bg6 11. h3 Qb6 12. Nh4 Bc5 13. Nxg6 hxg6 14. Nf3 e5 15.
e3 e4 16. dxe4 dxc4 17. e5 cxb3 18. axb3 Nd5 19. e4 Nb4 20. Qc4 Qb5 21. Qxb5
cxb5 22. Rfd1 Nf8 23. Bf1 a6 24. Rdc1 Ne6 25. Ba3 b6 26. Kg2 Red8 27. Bxb4 1/2-1/2

[Event "50th World Juniors"]
[Site "Chennai IND"]
[Date "2011.08.07"]
[Round "6"]
[White "Lim, Zhuo Ren"]
[Black "Turqueza, Mari Joseph"]
[Result "0-1"]
[WhiteElo "2155"]
[BlackElo "2235"]
[WhiteFideId "5702488"]
[BlackFideId "5204674"]
[EventDate "2011.08.02"]

1. d4 Nf6 2. g3 g6 3. Bg2 Bg7 4. Nf3 O-O 5. O-O b6 6. Ne5 c6 7. c4 Bb7 8. Qa4 d6
9. Nf3 c5 10. Rd1 cxd4 11. Nxd4 Bxg2 12. Kxg2 Qd7 13. Qxd7 Nbxd7 14. Nc6 Rfe8
15. Na3 a6 16. Be3 Ng4 17. Bd4 Nge5 18. Nb4 Rec8 19. Rac1 Nc6 20. Nxc6 Rxc6 21.
b3 Rac8 22. Nc2 Bxd4 23. Rxd4 a5 24. Na3 Rc5 25. Rcd1 Nf6 26. e4 g5 27. f3 Kg7
28. h3 h5 29. Re1 h4 30. gxh4 Rh8 31. hxg5 Rxg5+ 32. Kh2 Nh5 33. Rd5 Rg6 34. Rg1
Nf4 35. Rxg6+ Kxg6 36. Rb5 Rxh3+ 37. Kg1 Rxf3 38. Rxb6 Kg5 39. Rb8 Ng6 40. Nc2
Kf4 41. Nd4 Rd3 42. Nc6 Kg3 43. Kf1 Kf3 44. Kg1 Rd1+ 45. Kh2 Rd2+ 46. Kg1 Nf4
47. Nxe7 Nh3+ 0-1